[Event "EU-chT Seniors"]
[Site "Dresden GER"]
[Date "2006.02.24"]
[Round "8"]
[White "Jansson,B"]
[Black "Meier,W"]
[Result "1-0"]
[WhiteElo "2349"]
[BlackElo "2190"]

1.e4 c5 2.Nf3 d6 3.d4 cxd4 4.Nxd4 Nf6 5.Nc3 a6 6.Be3 Ng4 7.Bg5 h6 8.Bc1 Nc6
9.Nxc6 bxc6 10.Bc4 e5 11.Qe2 Be7 12.O-O O-O 13.Kh1 Nf6 14.f4 exf4 15.Bxf4 Qa5
16.Rae1 Be6 17.Bxe6 fxe6 18.Qc4 Rf7 19.Qxe6 Rf8 20.e5 dxe5 21.Bxe5 Kh8 22.h3 Bb4
23.a3 Bxc3 24.Bxc3 Qd5 25.Rf5 Qd8 26.Ref1 c5 27.Kg1 a5 28.Qc6 Rc7 29.Rxf6 Rxf6
30.Bxf6 gxf6 31.Qxf6+ Qxf6 32.Rxf6 Kg7 33.Ra6 Rb7 34.Rxa5 Rxb2 35.Rxc5 Ra2
36.Rc3  1-0

[Event "13th Open Metalis"]
[Site "Bizovac CRO"]
[Date "2006.02.25"]
[Round "5"]
[White "Baci,V"]
[Black "Babic,Z"]
[Result "1-0"]
[WhiteElo "2205"]
[BlackElo "1989"]

1.e4 c5 2.Nf3 d6 3.d4 cxd4 4.Nxd4 Nf6 5.Nc3 a6 6.Be3 e5 7.Nf3 Be7 8.Bc4 Qc7
9.Bb3 b5 10.Bg5 Be6 11.Bxf6 Bxf6 12.Nd5 Bxd5 13.Qxd5 Nc6 14.a4 b4 15.O-O O-O
16.Rfd1 Rad8 17.a5 Be7 18.Nd2 Kh8 19.Nc4 f5 20.exf5 Rxf5 21.Ne3 Rf4 22.g3 Rd4
23.Rxd4 Nxd4 24.Bc4 Bg5 25.Bd3 Rf8 26.Qe4 g6 27.Bxa6 Bxe3 28.fxe3 Nf3+ 29.Kh1 d5
30.Qxb4 Qf7 31.Rf1 Qg7 32.Be2 e4 33.Bxf3  1-0

[Event "TCh-CZE Extraliga 2005-6"]
[Site "Czech Rep CZE"]
[Date "2006.02.25"]
[Round "8"]
[White "Vymazal,B"]
[Black "Berezjuk,S"]
[Result "1-0"]
[WhiteElo "2265"]
[BlackElo "2394"]

1.e4 c5 2.Nf3 d6 3.d4 cxd4 4.Nxd4 Nf6 5.Nc3 a6 6.Be3 e6 7.f3 Nc6 8.Qd2 Be7
9.O-O-O O-O 10.g4 Nxd4 11.Bxd4 b5 12.h4 Nd7 13.f4 Bb7 14.Bd3 Nc5 15.Qe3 Qc7
16.g5 Rfc8 17.Kb1 b4 18.Ne2 d5 19.e5 a5 20.h5 a4 21.g6 b3 22.gxf7+ Kh8 23.Nc3 Nxd3
24.Qxd3 Ba6 25.Qg3 Bf8 26.Qg6 bxc2+ 27.Kxc2 Ra7 28.Bxa7 Qxa7 29.Qxe6 d4 30.h6 Qb7
31.hxg7+ Bxg7 32.Qg6 d3+ 33.Kb1  1-0

[Event "TCh-CZE Extraliga 2005-6"]
[Site "Czech Rep CZE"]
[Date "2006.02.25"]
[Round "8"]
[White "Smistik,M"]
[Black "Czakon,J"]
[Result "1-0"]
[WhiteElo "2379"]
[BlackElo "2486"]

1.e4 c5 2.Nf3 d6 3.d4 cxd4 4.Nxd4 Nf6 5.Nc3 a6 6.Be3 e6 7.f3 Be7 8.Qd2 O-O
9.O-O-O Nc6 10.g4 Nxd4 11.Bxd4 b5 12.g5 Nd7 13.h4 Qc7 14.Kb1 b4 15.Na4 Bb7
16.Qxb4 Bc6 17.Nc3 Rfb8 18.Qc4 Ne5 19.Bxe5 dxe5 20.b3 Rb4 21.Qe2 Rd4 22.Rxd4 exd4
23.Nd1 a5 24.Qc4 a4 25.Bd3 Qb6 26.Rh2 Bd7 27.Bf1 Ba3 28.Nb2 Rc8 29.Qd3 Qc7
30.Rd2 Bxb2 31.Kxb2 Bb5 32.Qxd4 Bxf1 33.e5 Bh3 34.c4 g6 35.b4 Bf5 36.c5 Qb7
37.Qc3 Qb5 38.Ka3 Qf1 39.c6 Qb5 40.c7 Qb6 41.Rd7 Bh3 42.Qc5 Qxc5 43.bxc5 Kg7
44.Kxa4 Ra8+ 45.Kb5 Bf1+ 46.Kb6 Ra6+ 47.Kb7 Rxa2 48.Rd6 Rb2+ 49.Rb6  1-0

[Event "TCh-CZE Extraliga 2005-6"]
[Site "Czech Rep CZE"]
[Date "2006.02.25"]
[Round "8"]
[White "Kovalev,An"]
[Black "David,P"]
[Result "1/2-1/2"]
[WhiteElo "2538"]
[BlackElo "2398"]

1.e4 c5 2.Nf3 d6 3.d4 cxd4 4.Nxd4 Nf6 5.Nc3 a6 6.Be3 e6 7.a4 Nc6 8.Nb3 b6
9.g4 Bb7 10.Bg2 Be7 11.f4 Nd7 12.O-O Na5 13.Nd4 Rc8 14.Qe2 Nc4 15.Bc1 Bf6
16.Nf3 Bxc3 17.bxc3 Qc7 18.Kh1 Na5 19.Ba3 Nc4 20.Bc1 Na5 21.Ba3 Nc4 22.Bc1  1/2-1/2

[Event "Festival de Meurthe-et-Moselle A"]
[Site "Nancy FRA"]
[Date "2006.02.25"]
[Round "8"]
[White "Nezar,M"]
[Black "Becker,Mart"]
[Result "1/2-1/2"]
[WhiteElo "2394"]
[BlackElo "2353"]

1.e4 c5 2.Nf3 d6 3.d4 cxd4 4.Nxd4 Nf6 5.Nc3 a6 6.Be3 e5 7.Nb3 Be6 8.Qd2 Nbd7
9.f3 b5 10.O-O-O Rc8 11.Kb1 Be7 12.g4 Nb6 13.g5 Nh5 14.Rg1 Nc4 15.Bxc4 bxc4
16.Nc1 O-O 17.N1e2 Rb8 18.Ka1 Qc7 19.f4 g6 20.Rgf1 exf4 21.Nxf4 Nxf4 22.Bxf4 Rfd8
23.h4 Bf8 24.Be3 Qb7 25.Rb1 d5 26.exd5 Bxd5 27.Rf4 Be4 28.Qc1 Bg7 29.Bd2 Bf5
30.Rxc4 Qg2 31.Bf4 Rbc8 32.Rxc8 Rxc8 33.Qf1 Qb7 34.Qe1 Bxc2 35.Rc1 Bf5 36.Qg3 Re8
37.Re1 Qd7 38.a3 Rxe1+ 39.Qxe1 Bd4 40.Qd2 Kf8 41.Be3 Be5  1/2-1/2

[Event "TCh-HUN 2005-6"]
[Site "Hungary HUN"]
[Date "2006.02.26"]
[Round "8"]
[White "Acs,P"]
[Black "Cao Sang"]
[Result "1/2-1/2"]
[WhiteElo "2518"]
[BlackElo "2488"]

1.e4 c5 2.Nf3 d6 3.d4 cxd4 4.Nxd4 Nf6 5.Nc3 a6 6.Be3 Nc6 7.f3 e5 8.Nb3 Be6
9.Qd2 d5 10.exd5 Nxd5 11.Nxd5 Qxd5 12.Qxd5 Bxd5 13.O-O-O O-O-O 14.Be2 Be7
15.Bb6 Rd7 16.c3 f5 17.Kc2 Re8 18.Rhe1 Bh4 19.g3 Be7 20.a3 g6 21.c4 Be6 22.Rxd7 Bxd7
23.Bd3 Bd6 24.Bf2 Nd8 25.c5 Bc7 26.Nd2 Ne6 27.h4 Bc6 28.Bc4 Ng7 29.b4 Nh5
30.Kb3 Nf6 31.Re2 e4 32.f4 Ng4 33.Bg1 Rd8 34.Kc3 Kb8 35.Bd4 Rd7 36.Nf1 Bd8
37.Bh8 Bf6+ 38.Bxf6 Nxf6 39.Rd2 Re7 40.Rd6 Ng4 41.Kd2 Bb5 42.Bxb5 axb5 43.Ne3 Nxe3
44.Kxe3 Kc7 45.h5 Rd7 46.hxg6 hxg6 47.Rxg6 Rd3+ 48.Kf2 Rxa3 49.Rg5 Ra2+ 50.Kf1 Rb2
51.Rxf5 Rxb4 52.Rd5 Kc6 53.Rd2 Rb3 54.Rd4 Kxc5 55.Rxe4 Rxg3 56.Ke2 b4 57.Kd2 Kb5
58.Re3 Rg2+ 59.Kc1 Rf2 60.Kb1 Ka4 61.f5 b3 62.Re8 Rxf5 63.Ra8+ Kb4 64.Rh8 Rf1+
65.Kb2 Rf2+ 66.Kb1 b5 67.Rg8 Rd2 68.Rh8 Kc5 69.Rc8+ Kb4 70.Rh8 Rc2 71.Rg8 Rh2
72.Rf8 Ka5 73.Ra8+ Kb6 74.Ra3 b2 75.Rg3 Kc5 76.Rg4 Rd2 77.Rh4 b4 78.Rg4 Rh2
79.Rf4 Kb5 80.Rf3 Ka4 81.Rg3 b3 82.Rg4+ Ka3 83.Ra4+ Kxa4  1/2-1/2

[Event "1st ONGC Cup"]
[Site "Hyderabad IND"]
[Date "2006.02.26"]
[Round "1"]
[White "Neelotpal,D"]
[Black "Eswar,R"]
[Result "1-0"]
[WhiteElo "2512"]
[BlackElo "2077"]

1.e4 c5 2.Nf3 d6 3.Nc3 Nf6 4.d4 cxd4 5.Nxd4 a6 6.Be3 e5 7.Nf3 h6 8.Bc4 Be7
9.Bb3 Be6 10.O-O O-O 11.Qe2 b5 12.Rfd1 Qc7 13.a3 Nbd7 14.Nh4 Kh7 15.Nf5 Bxf5
16.exf5 Nc5 17.Nd5 Nxd5 18.Bxd5 Rac8 19.Rac1 Qd7 20.c3 Bf6 21.Rc2 Qe7 22.Rcd2 Rfd8
23.Qh5 Rd7 24.g4 e4 25.Kh1 Qf8 26.g5 Be5 27.Bxf7 Rcc7 28.Bg6+ Kg8 29.gxh6 gxh6
30.Bxh6 Bg7 31.Bh7+ Kxh7 32.Bxg7+ Kxg7 33.Rg1+ Kf6 34.Rg6+ Ke5 35.f6+ Ke6
36.Qd5+  1-0

[Event "1st ONGC Cup"]
[Site "Hyderabad IND"]
[Date "2006.02.26"]
[Round "1"]
[White "Reefat,S"]
[Black "Shyam,N"]
[Result "1-0"]
[WhiteElo "2478"]
[BlackElo "2061"]

1.e4 c5 2.Nf3 d6 3.d4 cxd4 4.Nxd4 Nf6 5.Nc3 a6 6.Be3 e5 7.Nb3 Be6 8.f3 Be7
9.Qd2 Nbd7 10.O-O-O Qc7 11.g4 h6 12.Kb1 b5 13.Nd5 Bxd5 14.exd5 Nb6 15.Bxb6 Qxb6
16.h4 a5 17.Qe2 Rb8 18.Bg2 a4 19.Nc1 b4 20.f4 Nd7 21.Nd3 b3 22.cxb3 axb3
23.a3 O-O 24.g5 Rfe8 25.Qg4 Qa7 26.f5 Bf8 27.Be4 Qa5 28.f6 g6 29.h5 hxg5  1-0

[Event "1st ONGC Cup"]
[Site "Hyderabad IND"]
[Date "2006.02.26"]
[Round "2"]
[White "Hossain,Enam"]
[Black "Chokshi,M"]
[Result "1-0"]
[WhiteElo "2468"]
[BlackElo "2185"]

1.e4 c5 2.Nf3 d6 3.d4 cxd4 4.Nxd4 Nf6 5.Nc3 a6 6.Be3 e5 7.Nb3 Be6 8.f3 Be7
9.Qd2 h5 10.Nd5 Nxd5 11.exd5 Bf5 12.Be2 Nd7 13.O-O Rc8 14.c4 g5 15.Na5 Qc7
16.b4 Rg8 17.Rac1 Qb8 18.Bd3 Bg6 19.Bxg6 Rxg6 20.Qd3 Bd8 21.Nb3 Bb6 22.c5 Ba7
23.Kh1 a5 24.c6 bxc6 25.dxc6 Nf8 26.Bxa7 Qxa7 27.Nxa5 g4 28.Nb7 Qb8 29.fxg4 hxg4
30.Qf5 Rc7 31.b5 Qa7 32.Rcd1  1-0

[Event "1st ONGC Cup"]
[Site "Hyderabad IND"]
[Date "2006.02.27"]
[Round "3"]
[White "Neelotpal,D"]
[Black "Rao J.,M"]
[Result "1-0"]
[WhiteElo "2512"]
[BlackElo "2216"]

1.e4 c5 2.Nf3 d6 3.Nc3 Nf6 4.d4 cxd4 5.Nxd4 a6 6.Be3 e5 7.Nf3 Be7 8.Bc4 O-O
9.O-O Be6 10.Bb3 b5 11.a3 Ng4 12.Bd2 Nc6 13.h3 Nf6 14.Bg5 Rc8 15.Qd3 Na5
16.Nd2 Nxb3 17.cxb3 Nh5 18.Be3 Bg5 19.a4 b4 20.Nd5 Bxd5 21.exd5 a5 22.Rac1 Nf4
23.Qb5 Rb8 24.Qc4 Qd7 25.Ne4 Rbc8 26.Qa6 Ra8 27.Qc6 Qd8 28.Rc2 Be7 29.Rfc1 f5
30.Bxf4 exf4 31.Nd2 Bf6 32.Nc4 Bd4 33.Qxd6 Qh4 34.Qe6+ Kh8 35.Nd6 g6 36.Qe2 g5
37.Nxf5 Rxf5 38.Qe4 Rff8 39.Qxd4+  1-0

[Event "Masters"]
[Site "Bruges BEL"]
[Date "2006.02.28"]
[Round "4"]
[White "Maenhout,T"]
[Black "Piceu,T"]
[Result "1/2-1/2"]
[WhiteElo "2303"]
[BlackElo "2345"]

1.e4 c5 2.Nf3 d6 3.d4 cxd4 4.Nxd4 Nf6 5.Nc3 a6 6.Be3 e5 7.Nb3 Be6 8.f3 Be7
9.Qd2 h5 10.O-O-O Nbd7 11.h3 Rc8 12.Be2 h4 13.f4 b5 14.Bf3 b4 15.Ne2 a5 16.f5 Bc4
17.Kb1 Qc7 18.g4 a4 19.Nbc1 Qb7 20.Rhe1 b3 21.axb3 axb3 22.Nxb3 Bxb3 23.cxb3 Nc5
24.Bxc5 Rxc5 25.Nc3 Qxb3 26.Rc1 Nd7 27.Bd1 Qb7 28.Ba4 O-O 29.Bxd7 Qxd7 30.Nd5 Rb5
31.Rc2 Qd8 32.Qe2 Ra5 33.Rcc1 Qc8 34.Rc2 Qd7 35.Rc7 Qa4 36.Nxe7+ Kh7 37.g5 Qa2+
38.Kc2 Qa4+ 39.Kb1 Qa2+ 40.Kc2 Qa4+ 41.Kb1  1/2-1/2

[Event "1st ONGC Cup"]
[Site "Hyderabad IND"]
[Date "2006.02.28"]
[Round "5"]
[White "Gopal,G"]
[Black "Soumitra,M"]
[Result "1-0"]
[WhiteElo "2353"]
[BlackElo "2207"]

1.e4 c5 2.Nf3 d6 3.d4 cxd4 4.Nxd4 Nf6 5.Nc3 a6 6.Be3 Ng4 7.Bg5 h6 8.Bh4 g5
9.Bg3 Bg7 10.h3 Ne5 11.Be2 Nbc6 12.Nb3 Be6 13.Nd5 Na5 14.Nxa5 Qxa5+ 15.c3 Bxd5
16.exd5 Qc5 17.O-O f5 18.Bh5+ Kd7 19.b4 Qb6 20.c4 f4 21.c5 Qb5 22.Bh2 Qd3
23.Qa4+ Qb5 24.Qd1 Qd3 25.Qe1 Rhf8 26.Bg4+ Kd8 27.Rd1 Qb5 28.a4 Qxa4 29.Be6 h5
30.Qe4 Qe8 31.Qc2 Qg6 32.Qa4 Rf6 33.Rfe1 Rxe6 34.dxe6 Qxe6 35.b5 Qd7 36.Qa2 Qe8
37.cxd6 exd6 38.Rxd6+ Kc7 39.Red1 Qxb5 40.Qc2+ Kb8 41.Qh7 Bf8 42.Re6 Qe2
43.Rb1 Bb4 44.Qh8+  1-0

[Event "Breizh Masters"]
[Site "Guingamp FRA"]
[Date "2006.03.01"]
[Round "5"]
[White "Calistri,T"]
[Black "Jolly,J"]
[Result "0-1"]
[WhiteElo "2382"]
[BlackElo "2206"]

1.e4 c5 2.Nc3 a6 3.Nf3 d6 4.d4 cxd4 5.Nxd4 Nf6 6.Be3 e5 7.Nb3 Be6 8.f3 Be7
9.Qd2 O-O 10.O-O-O Qc7 11.g4 Nbd7 12.g5 Nh5 13.Kb1 Nb6 14.Qf2 Bd8 15.Rg1 g6
16.Nd5 Nxd5 17.exd5 Bf5 18.Bd3 Bxd3 19.Rxd3 f6 20.gxf6 Bxf6 21.Nd2 Be7 22.Ne4 Rf7
23.Bh6 Qd7 24.Qb6 Rd8 25.Rc3 Nf6 26.Qb3 Qh3 27.Bc1 Qxh2 28.Re1 Nxe4 29.fxe4 Rdf8
30.Rh3 Qf2 31.Rhh1 b5 32.Qh3 Qf3 33.Qe6 Qf6 34.Qh3 Qf3 35.Qh6 Qf6 36.Reg1 Qg7
37.Qh3 g5 38.Qa3 Qg6 39.Qxa6 h5 40.Qxb5 g4 41.a4 h4 42.a5 g3 43.Qd7 Bd8 44.Qh3 Rg7
45.Rg2 Qg4 46.a6 Qxh3 47.Rxh3 Rf1 48.b4 Bg5 49.Kb2 Bxc1+ 50.Kb3 Be3 51.Rxh4 Rf2
52.Rg1 Rf4 53.a7 Bxa7  0-1

[Event "1st ONGC Cup"]
[Site "Hyderabad IND"]
[Date "2006.03.02"]
[Round "7"]
[White "Saptarshi,R"]
[Black "Sandeep,Y"]
[Result "0-1"]
[WhiteElo "2363"]
[BlackElo "2223"]

1.e4 c5 2.Nf3 d6 3.d4 cxd4 4.Nxd4 Nf6 5.Nc3 a6 6.Be3 e5 7.Nb3 Be6 8.Qd2 Nbd7
9.f3 b5 10.O-O-O Rc8 11.Qf2 Rxc3 12.bxc3 d5 13.Bd3 Qc7 14.Kb2 dxe4 15.Bxe4 a5
16.Qd2 Be7 17.Bd3 Bc4 18.g4 a4 19.Nc1 Be6 20.Ka1 Qa5 21.Ne2 b4 22.cxb4 Bxb4
23.c3 Be7 24.Rb1 O-O 25.Rb5 Qa8 26.g5 Ne8 27.Be4 Qa6 28.Qd3 Nd6 29.Rd5 Nc4
30.Bxh7+ Kh8 31.Be4 Ba3 32.Rb1 Bxd5 33.Bxd5 Nxe3 34.Qxe3 Qd6 35.Qe4 Nc5 36.Qc4 Rc8
37.Qh4+ Kg8 38.c4 Rb8 39.Qe1 Nd3 40.Qc3 Bb2+ 41.Rxb2 Nxb2 42.Qc2 Qb4 43.Qc3 Nd3
44.Qxb4 Nxb4 45.Be4 a3 46.Nc3 Rd8 47.Nd5 Nxd5 48.Bxd5 g6 49.Kb1 Rb8+ 50.Kc2 Rb2+
51.Kc3 Rxa2 52.Kb3 Ra1 53.Be4 a2 54.Bd5 Kf8 55.Kb2 Rg1 56.Kxa2 Rxg5 57.Kb3 f5
58.c5 Ke7 59.Kc4 Kd7 60.Bf7 Rg2 61.Kd5 e4 62.fxe4 f4 63.Kd4 Rd2+ 64.Kc3 Re2
65.Bxg6 f3 66.Bh5 Re3+ 67.Kd2 f2 68.Be2 Rxe4 69.h4 Kc6 70.Kd3 Re6 71.h5 Kxc5
72.h6 Rxh6 73.Ke3 Rf6 74.Bf1 Kd6 75.Ke4 Ke7 76.Ke3 Kf8 77.Ke2 Kg7 78.Bg2 Kh6
79.Kf1 Kg5 80.Bd5 Kh4 81.Be4 Kg3 82.Bd3 Re6 83.Be4 Re5  0-1

[Event "Victor Ciocaltea Mem"]
[Site "Bucharest ROM"]
[Date "2006.03.09"]
[Round "2"]
[White "Chirila,I"]
[Black "Barnaure,V"]
[Result "0-1"]
[WhiteElo "2339"]
[BlackElo "2416"]

1.e4 c5 2.Nf3 d6 3.d4 Nf6 4.Nc3 cxd4 5.Nxd4 a6 6.Be3 e5 7.Nb3 Be6 8.Qd2 Be7
9.f3 O-O 10.O-O-O a5 11.Bb5 Na6 12.Kb1 Qb8 13.g4 Nc7 14.g5 Nfe8 15.f4 Nxb5
16.Nxb5 a4 17.Nc1 exf4 18.Bxf4 Ra6 19.Nd4 Qc8 20.Nce2 Nc7 21.Ng3 Rd8 22.h4 d5
23.e5 Bc5 24.Be3 Bxd4 25.Bxd4 Nb5 26.h5 Rc6 27.Rh4 Bf5 28.Nxf5 Qxf5 29.Rf4 Qh3
30.h6 Nxd4 31.Qxd4 Qg2 32.c3 Qxg5 33.Rg1 Qxh6 34.Qxa4 Qe6 35.Rgf1 Rc4 36.Qa5 b6
37.Qa7 Rxf4 38.Rxf4 Rf8 39.Rf1 Qxe5 40.Qxb6 f5 41.a4 Qe4+ 42.Kc1 f4 43.a5 Qe2
44.Rf2 Qe1+ 45.Kc2 Qe4+ 46.Kc1 g5 47.a6 g4 48.a7 g3 49.Rg2 d4 50.Rd2 g2 51.Rxg2+ Qxg2
52.Qe6+ Kh8 53.Qe5+ Qg7 54.Qb8 d3 55.Kd2 Qg2+ 56.Kxd3 Qd5+ 57.Ke2 Kg7 58.Kf2 Rd8
59.c4 Qd2+ 60.Kf3 Qd3+ 61.Kg4 Qe2+ 62.Kf5 Qh5+  0-1

[Event "FSIMA March"]
[Site "Budapest HUN"]
[Date "2006.03.09"]
[Round "6"]
[White "Sanchez,Lo"]
[Black "Nguyen Huynh Minh H"]
[Result "0-1"]
[WhiteElo "2301"]
[BlackElo "2217"]

1.e4 c5 2.Nf3 d6 3.d4 cxd4 4.Nxd4 Nf6 5.Nc3 a6 6.Be3 e5 7.Nb3 Be6 8.f3 Be7
9.Qd2 O-O 10.O-O-O Nbd7 11.g4 b5 12.g5 b4 13.Ne2 Ne8 14.Kb1 a5 15.f4 a4 16.Nbc1 exf4
17.Nxf4 Bxg5 18.Rg1 Bf6 19.Nh5 b3 20.Nxf6+ Ndxf6 21.Bd4 Qc7 22.c3 bxa2+ 23.Ka1 Nxe4
24.Qh6 f6 25.Bd3 d5 26.Ne2 Kh8 27.Qh4 Rb8 28.Nf4 Bf5 29.Nxd5 Qb7 30.Nb4 N8d6
31.Qf4 h6 32.Rde1 Bh7 33.Re2 a3 34.b3 Qf7 35.Bxe4 Nxe4 36.Kxa2 Rfe8 37.Rge1 Bg8
38.c4 Rxb4 39.Rxe4 Rxc4 40.bxc4 Qxc4+ 41.Kb1 Qb3+  0-1

[Event "2nd ch-SCG"]
[Site "Pancevo SCG"]
[Date "2006.03.09"]
[Round "10"]
[White "Krivokapic,M"]
[Black "Tadic,B"]
[Result "0-1"]
[WhiteElo "2352"]
[BlackElo "2491"]

1.e4 c5 2.Nf3 d6 3.d4 cxd4 4.Nxd4 Nf6 5.Nc3 a6 6.Be3 e5 7.Nb3 Be6 8.f3 Be7
9.Qd2 O-O 10.O-O-O Nbd7 11.g4 b5 12.g5 b4 13.Ne2 Ne8 14.Kb1 a5 15.f4 a4 16.Nbc1 exf4
17.Bxf4 Nc5 18.Nd4 Nxe4 19.Qe3 d5 20.Bg2 Bc5 21.Nd3 Qb6 22.Nxc5 Nxc5 23.Nxe6 fxe6
24.Rxd5 Rc8 25.Rd2 Nc7 26.Bd6 Rf5 27.Bh3 Qb7 28.Rhd1 Ne4 29.Bxf5 Nxd2+ 30.Qxd2 exf5
31.Bxb4 Ne6 32.Bd6 Rd8 33.Qe3 Qe4 34.Qg3 Nd4 35.Re1 Qxc2+ 36.Ka1 Qc6  0-1

[Event "TCh-BEL 2005-6"]
[Site "Belgium BEL"]
[Date "2006.03.12"]
[Round "10"]
[White "Horvath,Ad1"]
[Black "Piceu,T"]
[Result "1/2-1/2"]
[WhiteElo "2532"]
[BlackElo "2345"]

1.e4 c5 2.Nf3 d6 3.d4 cxd4 4.Nxd4 Nf6 5.Nc3 a6 6.Be3 e5 7.Nf3 Qc7 8.a4 Be7
9.a5 Be6 10.Nd5 Nxd5 11.exd5 Bg4 12.Ra4 f5 13.Bb6 Qd7 14.Rc4 Bd8 15.Qd2 Bxf3
16.gxf3 O-O 17.Rg1 Qe7 18.Qh6 Nd7 19.Bxd8 Raxd8 20.Qe6+ Rf7 21.Qxe7 Rxe7
22.Rc7 Rb8 23.Bh3 Rf7 24.Bxf5 Nf8 25.Rxf7 Kxf7 26.Kd2 Kf6 27.Be4 Rc8 28.b4 g5
29.Kd3 Ng6 30.Bxg6 Kxg6 31.h4 h6 32.hxg5 hxg5 33.c4 Kf5 34.Rg4 Rc7 35.Re4 Kf6
36.Ke3 Rh7 37.c5 Ke7 38.Rc4 Kd7 39.c6+ bxc6 40.Rxc6 Rh4 41.Rxa6 Rxb4 42.Ra7+ Kc8
43.a6 Ra4 44.Rg7 Rxa6 45.Rxg5 Kc7 46.Ke4 Ra5 47.Rg1 Rb5 48.Rg7+ Kd8 49.Ra7 Rc5
50.Rf7 Ke8 51.Ra7 Kd8 52.Ra4 Ke7 53.f4 exf4 54.Rd4 Kf6 55.Kxf4 Rc2 56.f3 Rc5
57.Ke4 Rc1 58.Ra4 Re1+ 59.Kd4 Rd1+  1/2-1/2

[Event "TCh-FIN 2005-6"]
[Site "Espoo FIN"]
[Date "2006.03.12"]
[Round "9"]
[White "Alava,M"]
[Black "Fieandt,J"]
[Result "1/2-1/2"]
[WhiteElo "2206"]
[BlackElo "2162"]

1.e4 c5 2.Nf3 d6 3.d4 cxd4 4.Nxd4 Nf6 5.Nc3 a6 6.Be3 e6 7.Be2 Be7 8.O-O O-O
9.Kh1 Nc6 10.f4 Qc7 11.Qe1  1/2-1/2

[Event "2nd ch-SCG"]
[Site "Pancevo SCG"]
[Date "2006.03.12"]
[Round "13"]
[White "Perunovic,Mil"]
[Black "Kovacevic,A"]
[Result "1/2-1/2"]
[WhiteElo "2508"]
[BlackElo "2535"]

1.e4 c5 2.Nf3 d6 3.d4 cxd4 4.Nxd4 Nf6 5.Nc3 a6 6.Be3 Nc6 7.f3 e6 8.Qd2 Be7
9.O-O-O O-O 10.g4 Nxd4 11.Bxd4 b5 12.g5 Nd7 13.h4 b4 14.Na4 Qa5 15.b3 Nc5
16.Bxc5 dxc5 17.Qf4 Ra7 18.Bc4 Rd7 19.Kb1 Rxd1+ 20.Rxd1 Rd8 21.Rg1 Rd4 22.Nb2 Bd6
23.Qe3 Qc7 24.Nd3 a5 25.h5 g6 26.hxg6  1/2-1/2

[Event "ch-BLR"]
[Site "Minsk BLR"]
[Date "2006.03.14"]
[Round "11"]
[White "Zhigalko,A"]
[Black "Dydyshko,V"]
[Result "1/2-1/2"]
[WhiteElo "2505"]
[BlackElo "2547"]

1.e4 c5 2.Nf3 d6 3.d4 cxd4 4.Nxd4 Nf6 5.Nc3 a6 6.Be3 e5 7.Nb3 Be6 8.f3 Be7
9.Qd2 O-O 10.O-O-O Nbd7 11.g4 b5 12.g5 b4 13.Ne2 Ne8 14.Ng3 a5 15.Kb1 a4
16.Nc1 Qb8 17.f4 exf4 18.Bxf4 b3 19.cxb3 axb3 20.a3 Bd8 21.Nf5 Nc5 22.Bg2 Ra4
23.Nd4 Qb7 24.Qe3 Bb6 25.Nce2 Bg4 26.Bf3 Bxf3 27.Qxf3 Qxe4+ 28.Qxe4 Nxe4
29.Rhf1 Nc7 30.Nxb3  1/2-1/2

[Event "2nd Bundesliga Ost 2005-6"]
[Site "Austria AUT"]
[Date "2006.03.18"]
[Round "10"]
[White "Herndlbauer,M"]
[Black "Froschauer,H"]
[Result "1/2-1/2"]
[WhiteElo "2125"]
[BlackElo "2140"]

1.e4 c5 2.Nf3 d6 3.d4 cxd4 4.Nxd4 Nf6 5.Nc3 a6 6.Be3 e5 7.Nb3 Be7 8.f3 Be6
9.Qd2 Nbd7 10.g4 Rc8 11.g5 Nh5 12.Rg1 b5 13.O-O-O Nb6 14.Qf2 Nc4 15.Bxc4 bxc4
16.Nc5 Nf4 17.Nxe6 fxe6 18.Qg3 O-O 19.Qg4 Kh8 20.h4 Qe8 21.Bxf4 Rxf4 22.Qxe6 Rxf3
23.Kb1 Bf8 24.Qxe8 Rxe8 25.Rgf1 Rxf1 26.Rxf1 Kg8 27.Nd5 Rb8 28.Rf3 Rb7 29.a4 Rf7
30.Rxf7 Kxf7 31.b4 cxb3 32.cxb3 Be7 33.Nxe7 Kxe7 34.b4 d5 35.exd5 Kd6 36.Kc2 Kxd5
37.Kd3 e4+ 38.Ke3 Kc4 39.b5 axb5 40.axb5 Kxb5 41.Kxe4 Kc6 42.Kf5 Kd6 43.h5 Ke7
44.g6 hxg6+ 45.Kxg6 Kf8 46.h6 gxh6  1/2-1/2

[Event "Pius Brinzeu Mem"]
[Site "Timisoara ROM"]
[Date "2006.03.18"]
[Round "1"]
[White "Uta,Ad"]
[Black "Lupulescu,C"]
[Result "0-1"]
[WhiteElo "2060"]
[BlackElo "2513"]

1.e4 c5 2.Nf3 d6 3.d4 cxd4 4.Nxd4 Nf6 5.Nc3 a6 6.Be3 e5 7.Nb3 Be6 8.f3 Be7
9.Qd2 O-O 10.O-O-O Nbd7 11.g4 b5 12.h4 b4 13.Na4 a5 14.Kb1 Qc7 15.Nc1 Qc6
16.b3 Nc5 17.Bxc5 dxc5 18.Qh2 Nd7 19.g5 c4 20.Bh3 Rac8 21.Bxe6 fxe6 22.Rxd7 Qxd7
23.Nb6 Qc7 24.Nxc8 Rxc8 25.Qe2 cxb3 26.cxb3 Bc5 27.Nd3 Bd4 28.Rc1 Qd7 29.Rxc8+ Qxc8
30.Qc2 Qxc2+ 31.Kxc2 Kf7 32.f4 exf4 33.Nxf4 e5 34.Ng2 Kg6 35.Kd3 Kh5 36.Kc4 Kg4
37.Kb5 Bc3 38.Ne3+ Kxh4 39.g6 h5 40.Nf5+ Kg5 41.Nxg7 Kxg6 42.Nf5 Kg5 43.Kxa5 h4
44.Nxh4 Kxh4 45.Kb5 Kg4 46.Kc4 Be1  0-1

[Event "Sozina Open"]
[Site "Bar SCG"]
[Date "2006.03.20"]
[Round "3"]
[White "Bojovic,Z"]
[Black "Marinkovic,Sl"]
[Result "1-0"]
[WhiteElo "2161"]
[BlackElo "2403"]

1.e4 c5 2.Nf3 d6 3.d4 cxd4 4.Nxd4 Nf6 5.Nc3 a6 6.Be3 e5 7.Nb3 Be7 8.f3 Be6
9.Qd2 O-O 10.O-O-O Nbd7 11.Qf2 b5 12.g4 Qc7 13.g5 Nh5 14.Nd5 Bxd5 15.exd5 Rfb8
16.h4 Nb6 17.Rg1 Nc4 18.Bxc4 bxc4 19.Nd2 c3 20.Nb3 a5 21.a4 Rb4 22.Rg4 Rab8
23.Rxb4 Rxb4 24.bxc3 Rxa4 25.Kb2 Bd8 26.Qe2 Rxh4 27.Qb5 g6 28.Ra1 a4 29.Rxa4 Rxa4
30.Qxa4 Kg7 31.c4 Nf4 32.Qc6 Qxc6 33.dxc6 Ne6 34.Nd2 Bc7 35.Ne4 Kf8 36.Nf6 Ke7
37.Nxh7 Nd8 38.Nf6 Nxc6 39.c5 dxc5 40.Nd5+ Kd6 41.Nxc7 Kxc7 42.Bxc5 Nd8 43.Kc3 Ne6
44.Be3 Kc6 45.Kd3 Ng7 46.Ke4 Nf5 47.Bf2 Kd6 48.c4 Ke6 49.c5  1-0

[Event "Victor Ciocaltea Mem"]
[Site "Bucharest ROM"]
[Date "2006.03.20"]
[Round "13"]
[White "Chirila,I"]
[Black "Carmaciu,L"]
[Result "0-1"]
[WhiteElo "2339"]
[BlackElo "2400"]

1.e4 c5 2.Nf3 d6 3.d4 cxd4 4.Nxd4 Nf6 5.Nc3 a6 6.Be3 e5 7.Nb3 Be6 8.Qd2 Nbd7
9.O-O-O b5 10.f3 Nb6 11.Qf2 Nfd7 12.Kb1 Nc4 13.Bxc4 bxc4 14.Nc1 Rb8 15.N1e2 Qa5
16.Nd5 Bxd5 17.Rxd5 Qb4 18.Bc1 Nc5 19.Qe1 Qb7 20.Nc3 Be7 21.h4 O-O 22.Qe3 Rfc8
23.g3 Rc6 24.Rh2 Rb6 25.Nd1 Na4 26.Qa3 Qc6 27.Ra5 Nxb2 28.Nxb2 c3 29.Rd5 f5
30.Re2 fxe4 31.fxe4 Rb4 32.Rd3 cxb2 33.Bg5 Ra4 34.Bxe7 Rxa3 35.Rxa3 Kf7 36.Bg5 Rb4
37.Rb3 Rxe4 38.Rf2+ Ke6 39.Kxb2 Qc4 40.Rf8 Re2 41.Rc3 Qb4+ 42.Rb3 Qd4+ 43.Rc3 h6
44.Bc1 Re1 45.Rc8 Qd1 46.Be3 Qb1+ 47.Ka3 Rxe3  0-1

[Event "ch-Moscow Prelim KO"]
[Site "Moscow RUS"]
[Date "2006.03.20"]
[Round "1.1"]
[White "Chadaev,N"]
[Black "Vorobiov,E"]
[Result "1-0"]
[WhiteElo "2461"]
[BlackElo "2543"]

1.e4 c5 2.Nf3 d6 3.d4 cxd4 4.Nxd4 Nf6 5.Nc3 a6 6.Be3 e6 7.f4 b5 8.Qf3 Bb7
9.Bd3 Nbd7 10.g4 b4 11.Nce2 e5 12.Nf5 d5 13.Nfg3 Nc5 14.Bxc5 Bxc5 15.O-O-O O-O
16.fxe5 Nd7 17.exd5 Qg5+ 18.Kb1 Nxe5 19.Qe4 Nxd3 20.Rxd3 Rfe8 21.Qf3 Qe5
22.Rf1 f6 23.g5 Rf8 24.g6 Rfe8 25.gxh7+ Kxh7 26.Nf4 a5 27.Qg4 Ba6 28.Nf5 Ra7
29.Rh3+ Kg8 30.Nh6+  1-0

[Event "Sozina Open"]
[Site "Bar SCG"]
[Date "2006.03.23"]
[Round "6"]
[White "Kalezic,B"]
[Black "Arsovic,G"]
[Result "1/2-1/2"]
[WhiteElo "2435"]
[BlackElo "2450"]

1.e4 c5 2.Nf3 d6 3.d4 cxd4 4.Nxd4 Nf6 5.Nc3 a6 6.Be3 e5 7.Nb3 Be6 8.f3 Be7
9.Qd2 O-O 10.O-O-O Nbd7 11.g4 b5 12.g5 Nh5 13.Kb1 Qc7 14.Nd5 Bxd5 15.exd5 Nb6
16.Rg1 Rab8 17.Rg4 g6 18.h4 f5 19.Rg1 f4 20.Bf2 Ng3 21.Bxg3 fxg3 22.Rxg3 Nc4
23.Bxc4 bxc4 24.Qc3 Rf4 25.Rg4 Rxg4 26.fxg4 Qc8 27.Na5 Qxg4 28.Qe1 h6 29.Nc6  1/2-1/2

[Event "22nd Spring Festival Open"]
[Site "Budapest HUN"]
[Date "2006.03.23"]
[Round "1"]
[White "Reynes Gonzalez,M"]
[Black "Duong The Anh"]
[Result "0-1"]
[WhiteElo "2070"]
[BlackElo "2287"]

1.e4 c5 2.Nf3 d6 3.d4 cxd4 4.Nxd4 Nf6 5.Nc3 a6 6.Be3 e5 7.Nf3 Qc7 8.Nd5 Nxd5
9.Qxd5 Be6 10.Qd2 h6 11.Bd3 Be7 12.O-O Nd7 13.Rac1 O-O 14.c4 a5 15.b3 Rfc8
16.Ne1 Nc5 17.Nc2 a4 18.bxa4 Nxd3 19.Qxd3 Bxc4 20.Qd2 Bxf1  0-1

[Event "Sozina Open"]
[Site "Bar SCG"]
[Date "2006.03.25"]
[Round "8"]
[White "Sarenac,I"]
[Black "Jakovljevic,Vlado"]
[Result "0-1"]
[WhiteElo "2137"]
[BlackElo "2424"]

1.e4 c5 2.Nf3 d6 3.d4 cxd4 4.Nxd4 Nf6 5.Nc3 a6 6.Be3 e6 7.f3 b5 8.Qd2 Bb7
9.g4 Nfd7 10.O-O-O Nb6 11.g5 N8d7 12.Ndxb5 axb5 13.Nxb5 d5 14.Bf4 e5 15.exd5 Nxd5
16.Bh3 Be7 17.Rhe1 O-O 18.Bxd7 exf4 19.Bg4 Rxa2 20.c4 Ra1+ 21.Kc2 Rxd1 22.Kxd1 Ne3+
23.Kc1 Qxd2+ 24.Kxd2 Bb4+ 25.Nc3 Rd8+  0-1

[Event "TCh-CZE Extraliga 2005-6"]
[Site "Czech Rep CZE"]
[Date "2006.03.26"]
[Round "11"]
[White "Rasik,V"]
[Black "Simacek,P"]
[Result "1/2-1/2"]
[WhiteElo "2466"]
[BlackElo "2480"]

1.e4 c5 2.Nf3 d6 3.d4 cxd4 4.Nxd4 Nf6 5.Nc3 a6 6.Be3 e6 7.f3 Be7 8.Qd2 Nc6
9.O-O-O Nxd4 10.Bxd4 O-O 11.g4 b5 12.h4 Nd7 13.g5 Qc7 14.Kb1 b4 15.Na4 Bb7
16.b3 Bc6 17.Nb2 a5 18.h5 Ne5 19.Be2 a4 20.Nc4 axb3 21.cxb3 Nxc4 22.Bxc4 d5
23.exd5 Bxd5 24.Bxd5 exd5 25.Qb2 Qf4 26.Bxg7 Qf5+ 27.Ka1 Rxa2+ 28.Qxa2 Kxg7
29.Qb2+ Kg8 30.Qd4 Qc2 31.Qxd5 Rd8 32.Qxd8+ Bxd8 33.Rxd8+ Kg7 34.Rb1 Qc3+
35.Ka2 Qxf3 36.h6+ Kg6 37.Rg8+ Kf5 38.Rb2 Qe3  1/2-1/2